Farm animal management / (Record no. 330570)
[ view plain ]
| 000 -LEADER | |
|---|---|
| fixed length control field | 00472cam a2200181ua 4500 |
| 020 ## - INTERNATIONAL STANDARD BOOK NUMBER | |
| International Standard Book Number | 0 7069 0454 0 |
| Terms of availability | 40.00 |
| 041 ## - LANGUAGE CODE | |
| Language code of text/sound track or separate title | eng |
| Language code of original | |
| 082 ## - DEWEY DECIMAL CLASSIFICATION NUMBER | |
| Classification number | 636 |
| Item number | SAS/FA |
| 100 ## - MAIN ENTRY--PERSONAL NAME | |
| Personal name | Sastry, N S R . |
| 245 ## - TITLE STATEMENT | |
| Title | Farm animal management / |
| Statement of responsibility, etc. | N S R Sastry. |
| Medium | Textual Documents |
| 260 ## - PUBLICATION, DISTRIBUTION, ETC. (IMPRINT) | |
| Place of publication, distribution, etc. | New Delhi : |
| Name of publisher, distributor, etc. | Vikas publishing house pvt ltd , |
| Date of publication, distribution, etc. | 1976. |
| 300 ## - PHYSICAL DESCRIPTION | |
| Extent | 391 ; . |
| 365 ## - TRADE PRICE | |
| Price type code | 40.00 |
| 504 ## - BIBLIOGRAPHY, ETC. NOTE | |
| Bibliography, etc | |
| 700 1# - ADDED ENTRY--PERSONAL NAME | |
| Personal name | Thomas, C K . |
| 942 ## - ADDED ENTRY ELEMENTS (KOHA) | |
| Koha item type | Books (General) |
| Withdrawn status | Lost status | Damaged status | Not for loan | Home library | Current library | Date acquired | Total Checkouts | Total Renewals | Full call number | Barcode | Date last seen | Date checked out | Price effective from | Koha item type |
|---|---|---|---|---|---|---|---|---|---|---|---|---|---|---|
| Kelappaji College of Agricultural Engineering & Technology Library, Tavanur | Kelappaji College of Agricultural Engineering & Technology Library, Tavanur | 07/04/2012 | 1 | 1 | 636 | KAU_KCAEFT-14053 | 03/07/2015 | 21/01/2015 | 07/04/2012 | Books (General) |
